[Event "Poikovsky Karpov 19th"]
[Site "Poikovsky"]
[Date "2018.06.03"]
[Round "7"]
[White "Bologan, Viktor"]
[Black "Jakovenko, Dmitrij"]
[Result "0-1"]
[WhiteElo "2610"]
[BlackElo "2735"]
[Annotator "Sadorra,J"]
[PlyCount "124"]
[EventDate "2018.05.27"]
[EventType "tourn"]
[EventRounds "9"]
[EventCountry "RUS"]
[EventCategory "18"]
[SourceTitle "CBM 185"]
[Source "ChessBase"]
[SourceDate "2018.07.13"]
[SourceVersion "1"]
[SourceVersionDate "2018.07.13"]
[SourceQuality "1"]

{Going into the 7th round, Jakovenko is a co-leader with Nepomniachtchi.
Considering the very strong field in this year's edition, Jakovenko plays very
solidly and is willing to hold his Blacks. On the other hand, Bologan has been
playing uncompromising, fighting chess since the first round and he doesn't
make an exception for this game.} 1. e4 c5 2. Nf3 e6 3. d4 cxd4 4. Nxd4 Nc6 5.
Nc3 Qc7 6. Be2 Nf6 7. Be3 a6 8. a3 Be7 9. f4 d6 10. g4 $5 {Clearly Bologan is
out for blood for choosing this aggressive line in the Taimanov-Scheveningen
Sicilian.} d5 $1 {A flank attack must be met with a central strike!} 11. e5 Nd7
{Now the structure is transformed into a Classical French 3 Nc3 Nf6.} 12. g5 (
12. h4 Nb6 (12... b5 $5) 13. Rh3 f6 14. exf6 Bxf6 15. Qd2 O-O $36 {[%csl Rd4,
Re1,Rf4][%cal Rf8f4,Rc7f4,Rf6d4,Rc6d4] ½-½ (57) Popovic,D (2568)-Rahmanov,S 
(2261) Gebze 2013}) 12... Bc5 $146 {This is technically a novelty, but it's a
standard procedure in the French.} ({Previously only} 12... b5 {had been
played:} 13. Nxc6 Qxc6 14. Bd4 h6 (14... Nb6 15. O-O Bb7 16. b4 Nc4 17. Bf3 a5
18. a4 axb4 19. Nxb5 Ba6 20. f5 Bxg5 $2 (20... O-O $142 $1 21. f6 Bc5 $17) 21.
fxe6 O-O 22. exf7+ Rxf7 $13 {1-0 (31) Hirneise,T (2452)-Hansen,M (2353)
Pardubice 2016}) 15. g6 $2 (15. Qd2) 15... Bh4+ 16. Kd2 f6 17. exf6 (17. Rf1
O-O 18. Kc1 fxe5 19. fxe5 Bg5+ 20. Kb1 Bf4 $15) 17... Bxf6 18. Kc1 O-O 19. Bg4
{0-1 (38) Alekseev,E (2642)-Blomqvist,E (2493) Stockholm 2016} Nc5 $1 (19...
Qd6 $5) 20. Bxf6 (20. Rf1 Bxd4 21. Qxd4 e5) 20... Rxf6 $17) 13. Qd2 Nxd4 14.
Bxd4 Bxd4 15. Qxd4 Qb6 {Jakovenko chooses to keep it simple, going for a
slightly worse yet holdable ending.} ({It's possible to also first play b5,
but Jakovenko probably doesn't like it as this will render White's a2-a3 move
useful.} 15... b5 16. h4 {with a double-edged game.}) 16. O-O-O Qxd4 17. Rxd4
g6 $5 {Trying to completely block the kingside, with h5/h6 to follow.} ({
I'm sure Jakovenko considered} 17... h6 {but was probably concerned that White
can open lines of attack with} 18. g6 $1 (18. gxh6 Rxh6 19. h4 {[%csl Rg7]
[%cal Gh4h5,Gh1g1,Rg1g7]} g6 20. Rdd1 Ke7 21. h5 gxh5 22. Bxh5 f6 $1 {Black
could hold this with accurate play.}) 18... fxg6 19. Rg1 Nf8 (19... Kf7 20. h4
b5 21. Rdd1 Bb7 (21... Ra7 22. Bd3 Nf8 23. Ne2 $14) 22. Ne4) (19... g5 $5 20.
h4 $1 (20. fxg5 Nxe5) 20... gxh4 (20... gxf4 21. Bh5+ Kd8 22. Rxg7 Nxe5 23.
Nxd5 $1 exd5 24. Rxd5+ Nd7 25. Bg4 f3 26. Bxd7 Bxd7 27. Rdxd7+ Kc8 28. Rxb7 $18
) 21. Rxg7 $40) 20. Na4 $1 $36 {White has more than enough compensation for
the pawn due to his more active pieces and weaknesses in Black's position.} Bd7
21. Nb6 Rd8 22. Bd3 Kf7 23. h4 $14) 18. h4 h6 (18... h5 $5) 19. Bf3 hxg5 ({
Developing the queenside first is also good, but he has to be careful in doing
it:} 19... b5 $6 20. Kd2 $1 (20. Rd2 Bb7 21. Rdh2 h5 $11) 20... Bb7 21. a4 $36)
(19... b6 $5 20. Rdd1 Bb7 21. Ne2 Ke7 22. Nd4 Nc5 $11) (19... Nc5 $5 20. Ne2 (
20. Rdd1 h5 (20... Bd7 $2 21. h5 hxg5 22. hxg6 Rxh1 23. Rxh1) 21. Ne2 Bd7 $11)
20... Bd7) 20. hxg5 Rxh1+ 21. Bxh1 Ke7 22. Ne2 ({If} 22. Rd2 {Black is in time
to stop the invasion.} Kf8 ({Or continue the way Jakovenko did in the game.} 
22... Nb6 23. Rh2 Bd7 24. Rh7 Nc4 $11) 23. Rh2 Kg7) 22... Nb6 23. Rd3 Nc4 24.
Rh3 Bd7 {Jakovenko isn't concerned about giving Bologan control of the h-file
as he cannot do anything concrete with it.} 25. a4 b5 $1 {Pawn trades bring
Black closer to a draw.} 26. b3 Na5 27. axb5 Bxb5 (27... axb5 $6 28. Kb2 $1 {
[%csl Rb5][%cal Gb2c3,Gc3b4] Black still has to be careful here due to his
weak b-pawn.}) 28. Nc3 Rc8 29. Kd2 ({Trading a set of minor pieces actually
can set Black some problems:} 29. Nxb5 $5 axb5 30. Kb2 b4 (30... Nc6 31. Bg2
Nd4 32. c3 Nf5 33. Bf1 $1 {[%csl Rb5]}) 31. Bg2 {[%cal Gh3h1,Gh1a1]} Nc6 32.
Bf1 (32. Rh1 $2 Nd4 33. Rc1 Rc3 $19) 32... Nd4 (32... Rf8 33. Bb5 Nd4 34. Bd3
Kd7 35. Rh1 Kc6 36. c3 bxc3+ 37. Kxc3 Nb5+ 38. Kb2) 33. Bd3 Rf8 (33... Ra8 34.
Bxg6) 34. Rh1 Kd7 35. c3 $14 {Engine thinks this is equal but I think White
can press and Black has to defend accurately.}) 29... Nc6 30. Bf3 Nd4 31. Bg4
Bd7 32. Rd3 Nc6 33. Ne2 a5 {Jakovenko continues the simple plan of trading
pawns.} 34. Rh3 Ra8 35. Rh1 a4 $1 {Jakovenko calculates well and foresees that
Bologan's pin idea isn't dangerous.} 36. Ra1 Na5 {This is the key idea.} 37.
Kc3 $6 {Bologan keeps the tension, showing his intention to keep playing for a
win.} (37. bxa4 Nc4+ 38. Kd3 (38. Kc3 Ne3 $1 $36 {[%csl Rc2][%cal Ra8c8,Re3g4,
Re3c2]}) 38... Rxa4 $11) 37... Rc8+ (37... axb3 $5 38. cxb3 Rc8+ 39. Kb2 Nc6
40. Rc1 (40. Ra4 $2 Nxe5 41. fxe5 Bxa4 42. bxa4 Rc4 $17) 40... Rh8 41. Ka3 Rh4
42. Bf3 Rh3 43. Rc3 Kd8 44. b4 Rh2 $1 45. b5 $140 $2 Na7 $17) 38. Kb2 Rb8 39.
Nd4 Rh8 40. Be2 Rh4 41. Rf1 axb3 42. cxb3 Nc6 43. Kc3 Rh2 {The game is still
approximately equal, but Bologan probably thinks he has some chances to obtain
more owing to his queenside passed pawn. Lacking objectivity, he now plays
carelessly.} 44. Ba6 $2 (44. Nxc6+ Bxc6 45. Ba6 $11 (45. Bd3 $4 Rh3 46. Rd1 Bb5
{with a won king ending for Black.})) ({Also within the limits of equality is} 
44. Re1 Rf2 45. Nf3 $11) 44... Nxd4 45. Kxd4 Ra2 $1 {This intermediate threat
move is most probably what Bologan missed in his analysis before playing
Be2-a6.} 46. Bd3 (46. Bb7 Ra7 {and the bishop is trapped.}) 46... Rd2 $1 {
with the idea of using the skewer tactic.} 47. Rf3 Bb5 {Forcing a winning king
ending for Black, which is easy for someone of Jakovenko's calibre.} 48. Kc3
Rxd3+ 49. Rxd3 Bxd3 50. Kxd3 Kd7 51. Kc3 Kc6 52. Kb4 Kb6 53. Kc3 Kb5 54. Kd3
Kb4 55. Kc2 d4 $1 {"Widening the beach-head."} 56. Kd3 Kxb3 57. Kxd4 {Now
Black wins by using the opposition.} Kc2 58. Ke3 Kc3 59. Kf3 (59. Ke2 Kd4 60.
Kf3 Kd3) 59... Kd3 60. Kf2 Ke4 61. Kg3 Ke3 62. Kg4 Kf2 {White will inevitably
lose the f4-pawn and eventually the rest, so White resigned. The moral of this
game is to fight till the end but also not to underestimate the opponent's
resources, especially in French structures!} 0-1

[Event "Shenzhen Du Te Cup 3rd"]
[Site "Shenzhen"]
[Date "2019.04.17"]
[Round "1"]
[White "Jakovenko, Dmitrij"]
[Black "Harikrishna, Pentala"]
[Result "1/2-1/2"]
[WhiteElo "2719"]
[BlackElo "2723"]
[Annotator "Sagar Shah"]
[PlyCount "69"]
[EventDate "2019.04.17"]
[EventType "tourn"]
[EventRounds "10"]
[EventCountry "CHN"]
[EventCategory "21"]
[SourceTitle "CBM 190"]
[Source "ChessBase"]
[SourceDate "2019.06.30"]
[SourceVersion "1"]
[SourceVersionDate "2019.06.30"]
[SourceQuality "1"]

{[%evp 0,69,80,4,128,80,113,45,56,31,63,38,91,91,88,71,66,60,53,24,45,34,37,25,
26,25,25,25,18,18,19,23,41,30,37,44,41,-9,46,41,65,37,39,36,45,43,34,36,46,40,
50,47,66,50,42,36,50,44,63,64,71,74,55,35,63,63,58,49,49,44,38,17]} 1. e4 c5 2.
Nf3 e6 3. d4 cxd4 4. Nxd4 Nc6 5. Nc3 Qc7 6. Be3 a6 7. Bd3 Nf6 8. O-O Nxd4 9.
Bxd4 Bc5 10. Bxc5 Qxc5 11. Na4 Qc7 12. c4 d6 13. Nc3 O-O 14. Be2 {The first
new move of the game. But already the players are not looking at concrete
theory. We have a well known Maroczy bind position. The fact that two pairs of
pieces have been exchanged are both an advantage and disadvantage for Black.
He has more space for his pieces, but in such hedgehog structures Black likes
to keep more pieces in play. With just two minor pieces, it seems difficult
that Harikrishna would be able to create play in such a position.} Rd8 15. Qd4
e5 $5 {A committal decision. But with the bishop coming to e6, the d5 square
would not longer be so weak.} 16. Qe3 Be6 17. b3 Qc5 18. Qd3 Rac8 19. Rac1 Rc6
20. a4 h6 21. Rfd1 Rdc8 22. h3 Qb4 23. Rb1 Qc5 24. Ra1 Qb6 25. Qd2 Qa5 (25...
Qxb3 26. Rdb1 $19) 26. Rdb1 (26. Nd5 $5 Qxd2 27. Nxf6+ gxf6 28. Rxd2 Rb6 (28...
Kf8 29. a5 $16) 29. Bd1 a5 30. Bc2 Kf8 31. Rad1 Ke7 32. Kh2 $14 {Black is
holding on, but somehow this seems like a position where White can press
endlessly.}) 26... Qd8 27. Qd1 Rc5 28. Rb2 b5 $6 {Harikrishna goes into
desperation mode.} 29. axb5 axb5 30. Nxb5 Nxe4 {This exchange is not
favourable for Black. The disappearance of the e4 pawn activates the white
light squared bishop, at the same time d6 pawn is in trouble.} 31. Bf3 {
[%csl Gb3,Gb5,Gc4,Rd6]} d5 (31... Nf6 32. Nxd6 $18) 32. Bxe4 dxe4 33. Nd6 $6 (
33. Qe1 f5 34. Qe3 $16 {White is clearly better here.}) 33... Rb8 34. Qd2 Rc6
35. Nxe4 (35. Nb5 {White can still play on.}) (35. Nxe4 $6 Qxd2 36. Nxd2 Bxc4
$11) 1/2-1/2

[Event "Reykjavik op"]
[Site "Reykjavik"]
[Date "2015.03.12"]
[Round "4"]
[White "Tari, Aryan"]
[Black "Eljanov, Pavel"]
[Result "0-1"]
[WhiteElo "2509"]
[BlackElo "2727"]
[Annotator "Sagar Shah"]
[PlyCount "58"]
[EventDate "2015.03.10"]
[EventType "swiss"]
[EventRounds "10"]
[EventCountry "ISL"]
[SourceTitle "CBM 165 Extra"]
[Source "ChessBase"]
[SourceDate "2015.04.21"]
[SourceVersion "1"]
[SourceVersionDate "2015.04.21"]
[SourceQuality "1"]

1. e4 c5 2. Nf3 e6 3. d4 cxd4 4. Nxd4 Nc6 5. Nc3 Qc7 6. Be3 a6 7. Qf3 {It was
a great co-incidence that on exactly the same day that this game was played,
Robert Ris had his show on PlayChess server named "Fast and Furious with 7.Qf3
in the Taimanov". This is quite a new and fashionable line. It may not replace
the main line with 7.Qd2 but it is definitely a worthy alternative.} Bd6 {
Eljanov goes for a relative side line. Just six games have been played with
this move and almost all of them in 2014-15.} (7... Ne5 8. Qg3 h5 {Single
handedly Anish Giri is trying to make this the main line for Black by playing
it against Mamedyarov, Radjabov, Saric and Karjakin!}) 8. Nxc6 (8. O-O-O {
with the threat of Ndb5 is met with} Be5 9. Nxc6 bxc6 10. Bd4 {With a complex
position.}) 8... bxc6 9. O-O-O Rb8 10. Bd4 Nf6 (10... e5 $5 {is not such a bad
idea.} 11. Ba7 $5 (11. Be3 Nf6 12. g4 O-O 13. g5 Ne8 14. h4 Bb4 15. Bd2 d6 {
with a nice position for Black.}) 11... Qxa7 (11... Rb7 12. Be3 $14 {The rook
on b7 doesn't stand so well.}) 12. Bc4 (12. Rxd6 Qc5 $11) 12... Nf6 13. Rxd6
$14) 11. Qd3 (11. Bxf6 gxf6 12. Qxf6 {would not be a good idea because of} Be5
13. Qf3 O-O {and thanks to this monster on e5, Black is better.}) 11... c5 12.
Bxf6 Bf4+ 13. Kb1 gxf6 14. g3 Be5 15. f4 Bd4 {The bishop settles down on a
very strong square x-raying the b2 point. Black is already better.} 16. b3 Bb7
$6 (16... f5 $5 {Black needed to act decisively.} 17. exf5 Bb7 18. Be2 Bxh1 19.
Rxh1 Bg7 $15 {White might have some compensation but it may not be sufficient.}
) 17. Bg2 $6 {This slow move gives away the initiative to Black which he
exploits in excellent fashion.} (17. Ne2 $1 {Would have asked the question to
Black about what he would like to do with his d4 bishop.} f5 18. Nxd4 $1 Bxe4
19. Qc3 Bxh1 20. Nxe6 $1 dxe6 21. Qxh8+ Ke7 22. Qxh7 $16 {With a huge
advantage.}) 17... f5 $1 {Making way for the bishop to go back in case it is
attacked.} 18. Rhe1 O-O 19. Bh1 (19. Ne2 Bg7 $1 20. Qxd7 Qb6 $15) 19... Qa5 {
The knight is attacked.} 20. Ne2 fxe4 21. Qd2 (21. Bxe4 Bxe4 22. Qxe4 Bg7 $1 {
With the idea of d5 and c4 launches a very powerful attack. For eg.} 23. Qe3 c4
24. Nd4 Rfc8 {And the White king wont survive for many moves.}) 21... Qxd2 22.
Rxd2 Bf2 $1 23. Rf1 d5 $1 {A very nice move by which Black gets to preserve
all his winnings.} (23... e3 24. Rxd7 $13) 24. Nc3 Bd4 25. Na4 Bc6 26. c3 Bxa4
27. cxd4 c4 28. Kb2 cxb3 29. a3 Rfc8 {A very interesting battle in this new
and fashionable line of 7.Qf3 in the Taimanov. Eljanov definitely seemed like
the better prepared player but Aryan Tari had his chances which he failed to
take advantage of.} 0-1

[Event "Gibraltar Masters 14th"]
[Site "Caleta"]
[Date "2016.01.28"]
[Round "3"]
[White "Sethuraman, SP."]
[Black "Bai, Jinshi"]
[Result "1-0"]
[WhiteElo "2639"]
[BlackElo "2507"]
[Annotator "Sethuraman,SP"]
[PlyCount "137"]
[EventDate "2016.01.26"]
[EventType "swiss"]
[EventRounds "10"]
[EventCountry "GGB"]
[SourceTitle "CBM 171"]
[Source "ChessBase"]
[SourceDate "2016.03.14"]
[SourceVersion "2"]
[SourceVersionDate "2016.03.14"]
[SourceQuality "1"]

1. e4 c5 2. Nf3 e6 3. d4 cxd4 4. Nxd4 Nc6 5. Nc3 Qc7 6. Be3 a6 7. Qf3 {The
recent trend to face the Taimanov and it has been giving good results for
White lately. Just the day before I had played the Taimanov myself but with
the other colour and the exact 7.Qf3 was played in my second round game.} Bd6 {
I preferred 7...d6 in my second round:} (7... d6 8. Qg3 Nf6 9. Nxc6 bxc6 10.
O-O-O Rb8 11. Bc4 Be7 12. Bb3 O-O 13. f4 c5 14. e5 dxe5 15. fxe5 Nh5 16. Qf2 c4
17. g4 cxb3 18. axb3 Qxe5 19. gxh5 Qxh5 20. Rhg1 Bb7 21. Qg3 g6 $17 {0-1 (59)
Santos Ruiz,M (2427)-Sethuraman,S (2639) Caleta ENG 2016}) 8. O-O-O Be5 9. g3 {
Preparing f4 after Qe2.} (9. Nxc6 bxc6 10. Bd4 {I played this against GM Irina
Krush at the Gibraltar open of the previous year (2015) but then after some
analysis came to the conclusion that 9.g3 is a better move with lots of new
ideas.}) 9... b5 10. Qe2 Bb7 (10... Nge7 {is the main option.}) 11. f4 Bxd4 12.
Bxd4 Nxd4 13. Rxd4 Qc5 (13... Ne7 14. Bg2 O-O 15. Rhd1) 14. Qd2 Bc6 15. Bg2 b4
16. Nd5 $5 {16.Nd5 was not necessary as I had the option of 16.Nd1 which was a
simpler way to get a good position, but I was really tempted by the typical
knight sacrifice on d5 as in various Sicilians when the black king remains in
the centre.} (16. Nd1 {was a simpler way to obtain a pleasant positon after} a5
17. Ne3 Ne7 18. Nc4 d5 19. Ne5 {the knight en route from c3-d1-e3-c4-e5 and
White is on top.}) 16... exd5 17. exd5 Bb5 18. d6 $6 (18. Re1+ Kf8 (18... Kd8
19. d6 Bc6 20. Re5 Qa7 21. Bxc6 dxc6 22. Qxb4 $18) 19. Qxb4 {No-one would
prefer to sacrifice his knight for the exchange of queens and absolutely this
was not the intention, but may be White can pose small problems after the
exchange of queens and this is what I should have done, as in the game I
over-estimated my compensation.} Qxb4 (19... d6 20. a4 Bd7 21. Qxc5 dxc5 22.
Rc4 $44) 20. Rxb4 {[%cal Gc2c4]} Rc8 21. Kd2 (21. b3 Bd3 22. c4) 21... Nf6 22.
b3 $44) 18... Rc8 $6 (18... Bc6 $1 19. Re1+ Kf8 20. Re5 (20. Bxc6 Qxc6 21. Qxb4
Rc8 {followed by ...Nf6}) 20... Qb6 21. Bxc6 (21. Bf1 h5 $1 {creating space
for the h8-rook} 22. Rxb4 Qg1 23. Re1 Rh6 {[%cal Gg1c5]}) 21... Qxc6 22. Qxb4
Nf6 $17 {During the game I thought that White has good compensation for the
piece but the computer disapproves of the idea}) 19. Re1+ Kf8 (19... Kd8 20.
Re5 Qb6 21. Qe1 Nf6 22. Rxb5 $18) 20. Re5 Qa7 21. Bd5 $5 {Preventing Black's
immediate development with 21...Nf6 as it fails to 22.Bb3 the point of my idea
with 21.Bd5 targeting the f7 point with Re7 and the bishop on b3} (21. Qxb4 Nf6
22. a4 Bc6 23. Bxc6 Rxc6 24. Rc4 Rxc4 25. Qxc4 Qg1+) (21. Rxb4 Nf6 {and Black
develops his pieces.}) 21... a5 (21... g6 22. g4) (21... Nf6 22. Bb3) (21... h5
$1 {The right way to continue. Perhaps Black has to bring the rook on h8 into
play to counter White's ideas.}) 22. g4 (22. Qe3 $142 $1 {A crazy draw pointed
out by the computer arises after} Nf6 23. Bb3 Ng4 (23... a4 24. Rc5 Re8 25. Rc8
$3 $18) 24. Rc5 $1 g6 $3 25. Qe7+ Kg7 26. Bxf7 (26. Qxf7+ Kh6 $19) 26... Qxc5
27. Bd5+ {[%cal Gc5h5]} Kh6 28. Qg5+ Kg7 29. Qe7+ $11) 22... Nf6 23. Bf3 Ba4 {
The provocation of b2-b3 is unnecessary as it only helps White to create a
safe spot on b2 for his king.} (23... Bc6 24. Bxc6 (24. Rc4 Qb7) 24... Rxc6 25.
g5 Ne8 {and it was difficult to assess during the game, but I believed that
White has decent compensation for the piece.}) 24. b3 Bc6 25. Rc4 Rd8 {Here
already we had only 3 minutes for this complex position with lots of tactical
nuances.} 26. Bxc6 dxc6 27. Rxc6 (27. g5 $1 Nd7 (27... Ne8 28. Rxc6 g6 29.
Rxe8+ $3 Rxe8 30. d7 Rd8 31. Qd6+ Kg8 (31... Kg7 32. Qf6+) 32. Rc8) 28. Re7 {
and the black pieces are tied down.}) 27... Nxg4 $2 (27... h6 $1 {[%cal Gf8g8,
Gg8h7] cold blooded defence from the computer} 28. g5 (28. Re7 Qg1+ 29. Kb2
Qxg4 30. Rcc7 Kg8 31. Qd4 (31. Rxf7 Ne8 $1) 31... Rf8 $13) 28... hxg5 29. fxg5
Ne8 30. Re7 Qg1+ 31. Kb2 Qxh2 32. Qd5 Nxd6 {and Black is somehow able to hold.}
) 28. Rc7 Qg1+ 29. Re1 Qxh2 30. Qd4 (30. d7 $1 {was simpler} Qxd2+ 31. Kxd2 g6
32. Re8+ $1 $18) 30... Qh4 31. Ree7 (31. Qe4 g6 32. Qe7+ Qxe7 33. dxe7+ $16)
31... Nh6 32. Qe5 Qf6 33. Red7 (33. Rc8 $3 Rxc8 34. d7 Qxe5 35. dxc8=Q+ Kxe7
36. Qb7+ Ke6 37. fxe5 $16) 33... Rb8 34. Rb7 Rc8 35. Rdc7 Ra8 $2 {In time
pressure Black places his rook on the wrong square.} (35... Rd8 36. Qe7+ Kg8
37. Rd7 Ra8 38. Ra7 Rb8 39. Rab7 $11) 36. Ra7 $2 {And in turn I did not
exploit the mistake! I wanted to gain time on my clock till the 40th move to
take a responsible decision after that, so I blindly started to chase the rook
and didn't realise that in fact White was winning after} (36. d7 Qxe5 (36...
Rd8 37. Qe8+ $1) 37. Rc8+ Rxc8 38. dxc8=Q+ Qe8 39. Qxe8+ Kxe8 40. Rb8+ Kd7 41.
Rxh8 $18) 36... Rb8 $2 ({Again} 36... Rd8 $11) 37. Rcb7 $2 {In turn!!} (37. d7
$18) 37... Rc8 $2 {Once more!!!!!} 38. Rc7 {It was funny how many times Black
placed the rook on the wrong square and how many times I didn't take advantage
of it. Almost 3 times, huh!!!!} (38. d7 $18) 38... Rd8 39. Rd7 Re8 $4 40. Qe7+
$1 {Finally! No words to explain the serious of tragic comedy errors from move
33-39. Perhaps it is instructive to note how this 40th move makes a big impact
in wrong decisions quite often.} Rxe7 41. dxe7+ Qxe7 42. Rxe7 g6 43. Reb7 Kg7
44. Rxa5 Nf5 45. Raa7 Rf8 46. Rxb4 h5 47. Rd7 {Bringing the rook into the
defence.} h4 48. a4 h3 49. Rd2 Rh8 50. Rh2 Ne3 51. a5 (51. Rh1 Ng4 52. a5)
51... Ng4 (51... Nf1 52. Rf2 Ne3 53. a6 h2 54. Rxh2 Rxh2 55. a7 Rh1+ 56. Kd2
Ra1 57. Kxe3 $18 (57. Ra4 Rxa4 58. bxa4 Nc4+ 59. Kc3 Nb6)) 52. Rh1 Nf2 53. Rf1
{Quite a complex way to win.} (53. Rh2 Ng4 54. Rxh3 Rxh3 55. Rb8 Rh5 56. b4 $16
) 53... h2 54. a6 h1=Q 55. Rxh1 Rxh1+ $2 (55... Nxh1 56. Kd2 Ng3 57. Kd3 Kf6
58. Kc4 $16) 56. Kd2 Rh8 57. Ke3 Nd1+ 58. Kd4 $16 Ra8 59. Ra4 f6 60. a7 g5 61.
fxg5 fxg5 62. b4 g4 63. Ra3 g3 64. Rxg3+ Kf6 65. Ra3 Ke6 66. Kc5 Nb2 67. b5 Kd7
68. b6 Kc8 69. Kc6 {I won the game finally moving to 3/3. Apart from the
series of errors between moves 33-40 there was one more funny thing - that
last year in Gibraltar 2015 I scored only 0.5/2 with both colours in this
exact 7.Qf3 variation in the Taimanov (a draw with White and loss with Black)
whereas now I had scored 2/2. Isn't it an improvement or destiny :)} 1-0